| 000 | 00573nam a22001817a 4500 | ||
|---|---|---|---|
| 999 |
_c195577 _d195577 |
||
| 005 | 20230406105526.0 | ||
| 010 | _aENG-133027 | ||
| 020 |
_a9788184621266 _c250.00 |
||
| 035 | _aEN-116559 | ||
| 037 | _bDBAD/PUB | ||
| 082 | _aS | ||
| 100 | _aRajagopalan, Janaki | ||
| 245 |
_aGentle Steel: _bEveryday Stories of Women Like us/ _cJanaki Rajagopalan |
||
| 260 |
_aMumbai _bA Division of Vakils, Feffer and Simons Pvt. Ltd. _c2016 |
||
| 270 |
_aIndustry Manor, Appasaheb Marathe Marg, Prabhadevi _bMumbai _e400025 |
||
| 300 |
_a124p. _c21cm(pbk) |
||
| 942 |
_2ddc _cEN _mRAJ _hS |
||